000 00643cam a22002293a 4500
001 39208
003 PGUSA
005 20140828083854.0
008 120319s2012||||xxu|||||s|||||000 | eng d
040 _aPGUSA
_beng
042 _adc
100 1 _aAeschylus,
_d-525--456
245 1 0 _aΕυμενίδες
_h[electronic resource] /
_cAeschylus
260 _bProject Gutenberg,
_c2012
506 _aPublic domain in the USA.
516 _aElectronic text
700 1 _aGrypares, I. N.
_q(Ioannes N.),
_d1870-1942
740 0 _aEumenides
830 0 _aProject Gutenberg
_v39208
856 4 0 _uhttp://www.gutenberg.org/ebooks/39208
942 _cEB
999 _c268461
_d268461